000 00416nam a22001457a 4500
999 _c7510
_d7508
005 20210305111204.0
008 210305b ||||| |||| 00| 0 eng d
082 _a346.066
100 _aAIYAR, A.N.
_96466
245 _aREPORTS OF COMPANY CASES:INCLUDING CASES ON BANKING AND INSURENCE [ VOL-7]
260 _aMADRAS
_bTHE COMPANY LAW INSTITUTE INDIA
_c1937
300 _a480,P
650 _aLAW
_95701
942 _cJRL